Statistics for 10 Closest Megacities to Johannesburg

Click here to take the quiz!

General Stats

  • This quiz has been taken 407 times
  • The average score is 8 of 10

Answer Stats

DistanceCity% Correct
6,281 km / 3,903 milesCairo
97%
4,503 km / 2,798 milesLagos
94%
2,788 km / 1,732 milesKinshasa
89%
7,438 km / 4,621 milesSão Paulo
85%
7,127 km / 4,429 milesRio de Janeiro
84%
7,317 km / 4,547 milesTehran
78%
7,022 km / 4,363 milesMumbai
76%
7,065 km / 4,390 milesKarachi
70%
6,911 km / 4,294 milesBengaluru
42%
7,142 km / 4,438 milesChennai
42%

Score Distribution

Percentile by Number Answered

Percent of People with Each Score

Your Score History

You have not taken this quiz